| 000 | 00930nam0a22002531 4500 | ||
|---|---|---|---|
| 001 | rc\1096261 | ||
| 005 | 20041126173938.6 | ||
| 035 | _a(NLR Aleph) 006342429 | ||
| 090 |
_a4714862 _c4714862 |
||
| 100 | _a20041126d1984 u |0rusy50 ca | ||
| 101 | 0 | _arus | |
| 102 | _aRU | ||
| 105 | _ay ||||||||| | ||
| 200 | 1 |
_aИдеология восходящего класса _eК годовщине июньского (1983 г.) Пленума ЦК КПСС _eВ помощь лектору _fС.У. Татыбаев, д. ист. н. |
|
| 210 |
_aТашкент _cБ. и. _d1984 |
||
| 215 |
_a16 с. _d20 |
||
| 225 | 1 | _aСерия "Общественно-политическая" | |
| 300 | _aВ надзаг.: О-во "Знание" УзССР | ||
| 700 | 1 |
_aТатыбаев _bС. У. _gСуйнич Унганович |
|
| 801 | 0 |
_aRU _bNLR _gpsbo |
|
| 801 | 1 |
_aRU _bELAR _2rusmarc |
|
| 852 |
_aNLR _j84-4/24223 |
||
| 942 | _cBOOK | ||
| 980 | _aNB | ||